000 01488nam a2200325 i 4500
001 991061007762706706
003 ES-BaIT
005 20260203095342.0
008 230707s2022 sp |||| |||| 0|0 d cat|c
017 _aDL PM 443-2022
_bOficina DL Palma
020 _a9788412429862
040 _aES-BaBAB
_bcat
_erda
_cES-BaBAB
080 _a849.9-2"19"
100 _aBarceló, Marta
_eautor
_9146531
245 1 0 _aZona inundable /
_cMarta Barceló
264 1 _aCalonge (Mallorca) :
_bAdiA Edicions,
_c2022
300 _a88 pàgines ;
_c20 cm
336 _atext
_btxt
_2rdacontent
337 _asense mediació
_bn
_2rdamedia
338 _avolum
_bnc
_2rdacarrier
490 1 _aCol·lecció Jássera ;
_v2
500 _aP6: D3, H3
520 _a"Sant Llis, octubre del 2018. Després de quatre hores de pluja intensa, un torrent es desborda, inunda un petit poble de Mallorca i causa onze morts, diversos ferits i molts danys materials.Ben aviat es desencadena una onada de reaccions: una explosió de solidaritat sense precedents i una cobertura mediàtica que cada vegada planteja més dubtes. Es podria haver evitat la tragèdia? Varen funcionar els protocols d’emergència? Per què es continua edificant als llindars dels torrents?" -- Contracoberta
586 _aI Premi de Teatre Vila de Santanyí
650 0 _aInundacions
_xDanys
_vTextos dramàtics
_9168295
830 _aCol·lecció Jàssera
_v2
_9168250
908 _aBAB
_aCDMAE
940 _aBAB
942 _2udc
_c1
999 _c136997
_d136997